Markets (Record no. 82422)

MARC details
000 -LEADER
fixed length control field 01138cam a22002055a 4500
001 - CONTROL NUMBER
control field L150212
008 - FIXED-LENGTH DATA ELEMENTS--GENERAL INFORMATION
fixed length control field 100614e2010 xxk 000 0 eng d
035 ## - SYSTEM CONTROL NUMBER
System control number (Sirsi) u150212
041 0# - LANGUAGE CODE
Language code of text/sound track or separate title eng
100 1# - MAIN ENTRY--PERSONAL NAME
Personal name Hatcher, David
245 00 - TITLE STATEMENT
Title Markets
Remainder of title West London
260 ## - PUBLICATION, DISTRIBUTION, ETC.
Date of publication, distribution, etc. 2010
490 ## - SERIES STATEMENT
Series statement Property Week
Volume/sequential designation 76(22) 4 June 2010, 41-48(5)
520 ## - SUMMARY, ETC.
Summary, etc. Outer London Commission's report sees leisure sector buildings as critical to the future of Greater London, Hounslow, Hillingdon, Ealing and Harrow. BAA to add mid-market brands to their existing luxury outlets at Heathrow whose third runway plans seem to have been scrapped. National Grid is to develop the Southall gasworks site. Vacancy rates at the Park Royal industrial estate top 40%. Chiswick Park seeks prelets to commence the next phase of its major West London scheme. Pharmaceutical giant GSK puts its 22.7 acre Greenford site up for sale. Development Securities wants to start its 270 000 sq ft Hammersmith scheme.
590 ## - LOCAL NOTE (RLIN)
Local note KA
651 #4 - SUBJECT ADDED ENTRY--GEOGRAPHIC NAME
Geographic name London
690 ## - LOCAL SUBJECT ADDED ENTRY--TOPICAL TERM (OCLC, RLIN)
Topical term or geographic name as entry element PROPERTY-COMMERCIAL PROPERTY-COMMERCIAL PROPERTY MARKET
700 1# - ADDED ENTRY--PERSONAL NAME
Personal name Barryman, Keith
942 ## - ADDED ENTRY ELEMENTS (KOHA)
Suppress in OPAC 0
Holdings
Withdrawn status Lost status Source of classification or shelving scheme Damaged status Not for loan Home library Current library Shelving location Date acquired Total Checkouts Full call number Barcode Date last seen Copy number Price effective from Koha item type
    Dewey Decimal Classification     London London Journal article 14/06/2010   L150212 150212-1001 06/08/2019 1 06/08/2019 Journal article